[Event "Catalunya-chT"]
[Site "ESP"]
[Date "1995.??.??"]
[Round "?"]
[White "Spraggett, Kevin"]
[Black "Campos Moreno, Javier B"]
[Result "1-0"]
[WhiteElo "2520"]
[BlackElo "2455"]

1.e4 c5 2.Nc3 Nc6 3.Nge2 d6 4.d4 cxd4 5.Nxd4 Nf6 6.Bg5 e6 7.Qd2 Be7 8.O-O-O O-O
9.Nb3 Qb6 10.f3 Rd8 11.Be3 Qc7 12.Qf2 d5 13.exd5 Nxd5 14.Nxd5 Rxd5 15.Rxd5 exd5
16.g4 Bf6 17.Kb1 Be6 18.g5 Be5 19.f4 d4 20.Bd2 Bd5 21.Rg1 Bd6 22.Bg2 Bxg2
23.Rxg2 Re8 24.Nxd4 Nxd4 25.Qxd4 Qc6 26.Qf2 Bc5 27.Qf1 Qe4 28.a3 Bd4 29.Rg3 g6
30.Rd3 h5 31.gxh6 Kh7 32.f5 g5 33.Bxg5 Rg8 34.h4 f6 35.Qd1 fxg5 36.Rxd4 Qxf5
37.Rd5  1-0

[Event "Catalunya-chT"]
[Site "ESP"]
[Date "1995.??.??"]
[Round "?"]
[White "Torrecillas Martinez, Antonio"]
[Black "Garcia Ilundain, David"]
[Result "1/2-1/2"]
[WhiteElo "2340"]
[BlackElo "2485"]

1.e4 c5 2.Nc3 Nc6 3.Nge2 Nf6 4.d4 cxd4 5.Nxd4 d6 6.Be3 e5 7.Nf3 h6 8.Bc4 Be7
9.O-O O-O 10.Qe2 Be6 11.Bb3 Na5 12.Rfd1 Qc7 13.Nd5 Bxd5 14.Bxd5 Rfc8 15.Rac1 Nxd5
16.Rxd5 Qc4 17.Qxc4 Nxc4 18.Rb5 Rc7 19.Nd2 a6 20.Rb3 b5 21.Nxc4 Rxc4 22.f3 Rac8
23.c3 Ra4 24.a3 Rac4 25.Rd1 h5 26.Rb4 g6 27.Rxc4 Rxc4 28.Rc1 Ra4 29.Ra1 Rc4
30.Bd2 f5 31.b3 Rc5 32.Kf2 Kf7 33.a4 d5 34.b4 Rc6  1/2-1/2

[Event "FIN-ch-B"]
[Site "FIN"]
[Date "1995.??.??"]
[Round "?"]
[White "Jouhki, Yrjo Markus"]
[Black "Holmsten, Aleksei"]
[Result "0-1"]
[WhiteElo "2215"]
[BlackElo "2305"]

1.e4 c5 2.Nf3 Nc6 3.Nc3 g6 4.d4 cxd4 5.Nxd4 Bg7 6.Be3 d6 7.Be2 Nf6 8.h4 h5
9.f3 Bd7 10.Qd2 a6 11.O-O-O b5 12.Rhe1 Rc8 13.Kb1 Ne5 14.Bg5 O-O 15.Nd5 Nxd5
16.exd5 Re8 17.g4 hxg4 18.fxg4 Rc5 19.Nb3 Nc4 20.Bxc4 Rxc4 21.h5 Bxg4 22.hxg6 fxg6
23.Re6 Bxe6 24.dxe6 Rf8 25.Rg1 Rf5 26.Bh6 Rf6 27.Bxg7 Kxg7 28.Rh1 Rcf4 29.Nc1 Rf8
30.Qh2 Rh8 31.Qxf4 Rxh1 32.Qf3 Qh8 33.Qf7+ Kh6 34.Qxe7 Qe5 35.Qf8+ Kg5 36.Qf2 Qe1  0-1

[Event "Finkenstein op"]
[Site "Finkenstein"]
[Date "1995.??.??"]
[Round "2"]
[White "Roskar, Robert"]
[Black "Knapp, Franz"]
[Result "1-0"]
[WhiteElo "2200"]
[BlackElo "1945"]

1.e4 c5 2.Nf3 Nc6 3.Nc3 d6 4.d4 cxd4 5.Nxd4 Bd7 6.Be3 a6 7.a4 Nf6 8.Be2 g6
9.O-O Bg7 10.h3 O-O 11.f4 e5 12.Nf3 Qc7 13.Qd2 Rad8 14.Rad1 Nh5 15.Nd5 Qb8
16.Bb6 Rc8 17.fxe5 dxe5 18.Ng5 Ng3 19.Nf6+ Bxf6 20.Rxf6 Nxe2+ 21.Qxe2 Nd4
22.Rxd4 exd4 23.Bxd4 Qg3 24.Qd2 Rxc2 25.Qxc2 Qxg5 26.Rf3 Bc6 27.Bf6 Qh6 28.Qc4 Re8
29.Bc3 Qf8 30.Qd4 f6 31.Rxf6 Qe7 32.Qc4+  1-0

[Event "Finkenstein op"]
[Site "Finkenstein"]
[Date "1995.??.??"]
[Round "8"]
[White "Tarmann, J."]
[Black "Muellneritsch, Anton"]
[Result "0-1"]
[WhiteElo "1950"]
[BlackElo "2205"]

1.Nf3 c5 2.e4 Nc6 3.Nc3 e6 4.g3 d5 5.d3 dxe4 6.Nxe4 Be7 7.Bg2 Nf6 8.O-O O-O
9.h3 Qc7 10.Bg5 Nxe4 11.dxe4 Bxg5 12.Nxg5 h6 13.Nf3 e5 14.c3 Be6 15.Qc2 Rad8
16.Rfd1 Rxd1+ 17.Rxd1 Rd8 18.b3 b5 19.Rxd8+ Qxd8 20.Bf1 Qa5 21.Nd2 b4 22.c4 Nd4
23.Qb1 Qd8 24.Qd3 Qf6 25.Qe3 Bd7 26.Kh2 Qa6 27.g4 Qxa2 28.g5 Qxd2  0-1

[Event "Finkenstein op"]
[Site "Finkenstein"]
[Date "1995.??.??"]
[Round "9"]
[White "Di Paolo, Raffaele"]
[Black "Mencinger, Vojko"]
[Result "1/2-1/2"]
[WhiteElo "2260"]
[BlackElo "2385"]

1.e4 c5 2.Nc3 Nc6 3.Nf3 g6 4.Bb5 Bg7 5.O-O Nh6 6.Re1 O-O 7.Bxc6 dxc6 8.d3 f6
9.Be3 b6 10.d4 cxd4 11.Qxd4 Qxd4 12.Nxd4 Bd7 13.Rad1 Rad8 14.f3 Nf7 15.Nb3 Nd6
16.Bf4 Bc8 17.Nd4 Bd7 18.b3 e5 19.Nde2 Be6 20.Be3 Nb7 21.a4 Rfe8 22.Nc1 Bf8
23.Kf2 Bb4 24.N1a2 Be7 25.Rxd8 Rxd8 26.Rd1 Rxd1 27.Nxd1 Kf7 28.Nb2 Nc5 29.Ke2 Ke8
30.Nd3 Nxa4 31.Kd2 Kd7 32.Nac1 Nc5  1/2-1/2

[Event "Foment op"]
[Site "Foment"]
[Date "1995.??.??"]
[Round "5"]
[White "Romero Holmes, Alfonso"]
[Black "Oms Pallise, Josep"]
[Result "0-1"]
[WhiteElo "2490"]
[BlackElo "2340"]

1.e4 c5 2.Nc3 Nc6 3.Nf3 d6 4.d4 cxd4 5.Nxd4 Nf6 6.Bg5 e6 7.Qd2 a6 8.O-O-O h6
9.Be3 Be7 10.f3 Nxd4 11.Qxd4 e5 12.Qb6 Qxb6 13.Bxb6 Be6 14.Bc7 Kd7 15.Ba5 Kc6
16.g3 d5 17.exd5+ Nxd5 18.f4 Ne3 19.Be2 f5 20.fxe5 b6 21.Bf3+ Kc7 22.Rd3 Ng4
23.Nd5+ Bxd5 24.Bxd5 bxa5 25.Bxa8 Rxa8 26.e6 Re8 27.Rd5 g6 28.Re1 Nxh2 29.c3 Nf3
30.Re2 Ng5 31.Rxa5 Kb6 32.Rae5 h5 33.Rd5 Ne4 34.Rd3 Bg5+ 35.Kc2 Rxe6 36.b4 h4
37.gxh4 Bxh4 38.a4 a5 39.Rd5 Rc6 40.Rb5+ Kc7 41.Rxa5 Rxc3+ 42.Kb2 Bf6 43.Ka2 Rc4
44.Rg2 Rxb4 45.Rxg6 Nc3+ 46.Ka3 Be7 47.Re5 Nb1+ 48.Ka2 Nc3+ 49.Ka3 Re4+ 50.Rxe7+ Rxe7
51.Rf6 Re5 52.Kb3 Nd5 53.Rf7+ Kd6 54.a5 Re3+ 55.Kb2 Ke5 56.a6 Re4 57.Ka3 Re1
58.Kb2 Kf4 59.a7 Re8 60.Kb3 Ra8  0-1

[Event "Formia op"]
[Site "Formia"]
[Date "1995.??.??"]
[Round "?"]
[White "Naumkin, Igor"]
[Black "Borgo, Giulio"]
[Result "1-0"]
[WhiteElo "2500"]
[BlackElo "2345"]

1.e4 c5 2.Nf3 Nc6 3.Nc3 Nf6 4.Bb5 g6 5.O-O Bg7 6.e5 Ng4 7.Bxc6 dxc6 8.Re1 O-O
9.h3 Nh6 10.d3 Nf5 11.a4 a5 12.Bf4 Nd4 13.Ne4 b6 14.b3 Be6 15.Nxd4 cxd4 16.Qd2 Re8
17.Bh6 Bh8 18.Qf4 Qd5 19.Ng5 Bc8 20.h4 c5 21.h5 Bb7 22.Qg3 Bg7 23.Bxg7 Kxg7
24.h6+ Kg8 25.Re4 Bc6 26.Rae1 b5 27.axb5 Bxb5 28.Nh3 Qe6 29.Rg4 Bd7 30.Rg5 Qc6
31.Nf4 Be6 32.Nxg6 fxg6 33.Rxg6+  1-0

[Event "FRA-chT"]
[Site "FRA"]
[Date "1995.??.??"]
[Round "?"]
[White "Mitkov, Nikola"]
[Black "Verdier, Patrice"]
[Result "1-0"]
[WhiteElo "2475"]
[BlackElo "2230"]

1.e4 c5 2.Nc3 Nc6 3.Nge2 g6 4.d4 cxd4 5.Nxd4 Bg7 6.Be3 Nf6 7.Bc4 O-O 8.Bb3 d6
9.h3 Bd7 10.O-O Rc8 11.Re1 Qa5 12.f4 a6 13.Qf3 b5 14.Rad1 Nxd4 15.Bxd4 b4
16.Bxf6 bxc3 17.Bxe7 Rfe8 18.Bxd6 cxb2 19.e5 Be6 20.Bxe6 Rxe6 21.Qb3 Qc3
22.Ba3 Rec6 23.Bxb2 Qxc2 24.Qxc2 Rxc2 25.Rc1 Bf8 26.Kf1 Bb4 27.Rxc2 Rxc2
28.Re2 Rc4 29.g3 Kf8 30.Kf2 Ke7 31.Ke3 Ke6 32.Kd3 Rc7 33.Re4 Rb7 34.g4 Be7
35.Bc3 Rb1 36.Ra4 Rb6 37.Bd4 Rc6 38.Rc4 Kd5 39.Rxc6 Kxc6 40.Kc4 Ba3 41.f5 gxf5
42.gxf5 Bf8 43.a4 Ba3 44.Bc3 Bc1 45.Bb4 Bb2 46.e6 fxe6 47.fxe6 Bf6 48.Bf8 Bg5
49.Kd4 Bf6+ 50.Ke4 Bc3 51.Kf5 Bd4 52.Kg5 Bc3 53.Kh6  1-0

[Event "Frydek-Mistek op"]
[Site "Frydek-Mistek"]
[Date "1995.??.??"]
[Round "?"]
[White "Movsesian, Sergei"]
[Black "Michenka, Jozef"]
[Result "1/2-1/2"]
[WhiteElo "2435"]
[BlackElo "2360"]

1.e4 c5 2.Nf3 Nc6 3.Nc3 g6 4.Bc4 Bg7 5.O-O e6 6.d4 Nxd4 7.Nxd4 cxd4 8.Nb5 d6
9.Nxd4 Nf6 10.Qf3 O-O 11.Bg5 h6 12.Bh4 g5 13.Bg3 Nxe4 14.Qxe4 d5 15.Bxd5 Qxd5
16.Qxd5 exd5 17.Rad1 Bd7 18.Rd2 Rfe8 19.Rfd1 Re4 20.f3 Rxd4 21.Rxd4 Bxd4+
22.Rxd4 Bc6 23.f4 Re8 24.Kf2 Kg7 25.fxg5 hxg5 26.h4 f6 27.Kf3 Kg6 28.Bf2 a6
29.hxg5 fxg5 30.Be3 Re4 31.Rxe4  1/2-1/2

[Event "Gausdal Masters"]
[Site "Gausdal"]
[Date "1995.??.??"]
[Round "?"]
[White "Ofstad, Per"]
[Black "Gausel, Einar"]
[Result "0-1"]
[WhiteElo "2230"]
[BlackElo "2490"]

1.e4 c5 2.Nc3 Nc6 3.Nf3 g6 4.d4 cxd4 5.Nxd4 Bg7 6.Be3 Nf6 7.Nb3 d6 8.Be2 O-O
9.O-O Be6 10.f4 Rc8 11.Kh1 a6 12.Bf3 Bc4 13.Rf2 b5 14.Rd2 Qc7 15.Qg1 Nd7
16.Rad1 Rfd8 17.Bg4 Be6 18.Nd5 Qb8 19.Bxe6 fxe6 20.Nb6 Nxb6 21.Bxb6 Rf8 22.Qe3 Bh6
23.Qh3 Bxf4 24.Qxe6+ Kg7 25.Rf2 Be5 26.Rxf8 Rxf8 27.Be3 Bxb2 28.c3 Bxc3 29.Qh3 Kg8
30.Qe6+ Rf7 31.h3 Qb7 32.Rc1 b4 33.Bh6 Nd8 34.Qc4 Qc6 35.Qd3 Ne6 36.e5 dxe5
37.Rd1 Rf6 38.Na5 Qc7 39.Qxa6 g5 40.Qa8+ Kf7  0-1

[Event "Gausdal Masters"]
[Site "Gausdal"]
[Date "1995.??.??"]
[Round "?"]
[White "Westerinen, Heikki MJ"]
[Black "Bjerke, Richard"]
[Result "1-0"]
[WhiteElo "2405"]
[BlackElo "2265"]

1.e4 c5 2.Nc3 Nc6 3.Nge2 g6 4.d3 Bg7 5.Be3 d6 6.Qd2 e6 7.d4 d5 8.exd5 exd5
9.Bg5 Nge7 10.dxc5 Qa5 11.Be3 O-O 12.Nd4 Re8 13.Ncb5 Qd8 14.O-O-O Nf5 15.Nxf5 Bxf5
16.Bg5 Qd7 17.Nd6 Reb8 18.Nxf5 Qxf5 19.Qxd5 Be5 20.Qd2 h6 21.Be3 Rd8 22.Bd3 Qf6
23.c3 b6 24.f4 Bc7 25.g3 bxc5 26.Bxc5 Rab8 27.Qc2 Ba5 28.Bc4 Rdc8 29.Rd6 Qf5
30.Rxg6+  1-0

[Event "Arnold Cup"]
[Site "Gausdal"]
[Date "1995.??.??"]
[Round "1"]
[White "Westerinen, Heikki MJ"]
[Black "Kristensen, Bjarke"]
[Result "1/2-1/2"]
[WhiteElo "2405"]
[BlackElo "2455"]

1.e4 c5 2.Nf3 Nc6 3.Nc3 Nf6 4.Bb5 g6 5.e5 Ng4 6.Bxc6 dxc6 7.h3 Nh6 8.g4 b6
9.d3 Ng8 10.Ng5 f6 11.exf6 exf6 12.Qe2+ Qe7 13.Nge4 Be6 14.Bf4 O-O-O 15.O-O-O Bh6
16.Qe3 Bxf4 17.Qxf4 Qc7 18.Qxc7+ Kxc7 19.Rhe1 Bc8 20.Ng3 h6 21.Nce2 h5 22.gxh5 gxh5
23.h4 Bg4 24.Rf1 Ne7 25.f3 Bc8 26.Nf4 Nd5 27.Nxd5+ cxd5  1/2-1/2

[Event "Peer Gynt"]
[Site "Gausdal"]
[Date "1995.??.??"]
[Round "5"]
[White "Thorhallsson, Throstur"]
[Black "Lyrberg, Patrik"]
[Result "1-0"]
[WhiteElo "2420"]
[BlackElo "2415"]

1.e4 c5 2.Nf3 Nc6 3.Nc3 d6 4.d4 cxd4 5.Nxd4 Nf6 6.f3 e5 7.Nb3 Be6 8.Bg5 Be7
9.Qd2 O-O 10.O-O-O Rc8 11.Bxf6 Bxf6 12.Qxd6 Qb6 13.Qc5 Bg5+ 14.Kb1 Qc7 15.Nd5 Qb8
16.Qf2 Rfd8 17.h4 Bh6 18.g4 Bf4 19.Bd3 b5 20.Nxf4 exf4 21.Be2 Rxd1+ 22.Rxd1 a5
23.Nd4 Qb6 24.Qg1 Nxd4 25.Qxd4 Qc7 26.Rd2 h5 27.g5 b4 28.Qd6 Qa7 29.Qd4 Qb7
30.b3 Qc6 31.Qd6 Qc3 32.Qd3 Qc6 33.Qd6 Qc3 34.g6 a4 35.Qd8+  1-0

[Event "Peer Gynt"]
[Site "Gausdal"]
[Date "1995.??.??"]
[Round "7"]
[White "Emms, John M"]
[Black "Rausis, Igors"]
[Result "1-0"]
[WhiteElo "2500"]
[BlackElo "2495"]

1.e4 c5 2.Nf3 Nc6 3.Nc3 g6 4.d4 cxd4 5.Nxd4 Bg7 6.Be3 Nf6 7.Bc4 O-O 8.Bb3 a5
9.a4 Ng4 10.Qxg4 Nxd4 11.Qh4 Nxb3 12.cxb3 Ra6 13.O-O Re6 14.Rfe1 d6 15.Nd5 Bxb2
16.Bb6 Qd7 17.Rab1 Bf6 18.Qg3 Re5 19.Bxa5 Qe6 20.Bc3 Rxe4 21.Nxf6+ exf6 22.Rxe4 Qxe4
23.Re1 Qf5 24.Qxd6 Be6 25.Qe7 Kg7 26.Qxb7 Rc8 27.Qb4 Qc2 28.Bd4 Bxb3 29.h3 Rc6
30.Re8 Qc1+ 31.Kh2 Qf4+ 32.g3 Qd6 33.Bxf6+ Kxf6 34.Qxb3 Kg7 35.Qb2+ Qf6 36.Rb8 Rc3
37.Rb6 Qe5 38.Rb5 Qf6 39.Rb6 Qe5 40.Rb3 Rc5 41.Qxe5+ Rxe5 42.Kg2 h5 43.h4 Kf6
44.Rf3+ Kg7 45.Re3 Rc5 46.Ra3 Ra5 47.Kf3 Kf6 48.Ke4 Ke6 49.f3 Ke7 50.Kd4 Kd6
51.Kc4 Kc6 52.Kb4 Rd5 53.a5 Kb7 54.Kc4 Rd1 55.Rd3 Rc1+ 56.Kd5 Ra1 57.Kd6 Rxa5
58.Ke7 g5 59.hxg5 Rxg5 60.f4 Rf5 61.Re3 h4 62.gxh4 Rxf4 63.Rh3 Rc4 64.h5 Rc7+
65.Kf6 Rc6+ 66.Kg7 f5 67.h6 Rc7+ 68.Kg6 Rc6+ 69.Kg5 Rc3 70.Rxc3  1-0

[Event "Troll Masters"]
[Site "Gausdal"]
[Date "1995.??.??"]
[Round "7"]
[White "Martin, Andrew D"]
[Black "Olesen, Martin"]
[Result "1-0"]
[WhiteElo "2405"]
[BlackElo "2340"]

1.Nc3 c5 2.e4 Nc6 3.Nge2 g6 4.d4 cxd4 5.Nxd4 Bg7 6.Nb3 Nf6 7.Be2 O-O 8.O-O d6
9.Re1 Be6 10.Bf1 a5 11.a4 Nb4 12.Nd4 Rc8 13.Nxe6 fxe6 14.Re2 d5 15.exd5 exd5
16.Nb5 Ng4 17.c3 Qb6 18.Be3 Nxe3 19.fxe3 Nc6 20.Qxd5+ Kh8 21.Qe4 Rf5 22.Rd1 Rcf8
23.Nd4 Nxd4 24.cxd4 e5 25.d5 Rf4 26.Qc2 Rb4 27.d6 e4 28.d7 Rxb2 29.Qxe4 Qf6
30.Rxb2 Qxb2 31.d8=Q  1-0

[Event "GER-ch U20 qual1"]
[Site "?"]
[Date "1995.??.??"]
[Round "4"]
[White "Kuehn, Peter"]
[Black "David, Rene"]
[Result "1-0"]
[WhiteElo "2240"]
[BlackElo "2160"]

1.e4 c5 2.Nc3 Nc6 3.Nge2 d6 4.d4 cxd4 5.Nxd4 e5 6.Nf3 Be7 7.Bc4 Be6 8.Bb3 Nf6
9.Bg5 a6 10.O-O O-O 11.Qd3 Qc7 12.Rfd1 Rad8 13.Bxf6 Bxf6 14.Nd5 Bxd5 15.Bxd5 Qb6
16.Qb3 Qxb3 17.axb3 Rc8 18.c3 Rc7 19.b4 Ne7 20.Ra5 Rb8 21.Kf1 Kf8 22.Ke2 g6
23.Rda1 Ke8 24.Nd2 Kf8 25.Nb3 Bg5 26.R1a4 Ke8 27.Na1 Nxd5 28.Rxd5 Ke7 29.Nb3 f5
30.f3 Rf8 31.b5 Rd8 32.Rb4 Ra8 33.bxa6 bxa6 34.Rb6 Rd7 35.Na5 Bc1 36.Nc4 fxe4
37.fxe4 Rf8 38.Kd3 Ra8 39.Kc2 Bg5 40.Nxd6 Rad8 41.Rxe5+ Kf8 42.Rxg5 Rxd6
43.Rxd6 Rxd6 44.Rd5 Rb6 45.Rd7 h5 46.b4 Ke8 47.Ra7 Rf6 48.Kb3 Rf2 49.Rxa6 Rxg2
50.b5 g5 51.Rg6 g4 52.b6 Kd7 53.c4 h4 54.c5 g3 55.c6+ Ke7 56.b7 Rg1 57.hxg3  1-0

[Event "BL2-N9495"]
[Site "Germany"]
[Date "1995.??.??"]
[Round "?"]
[White "Hausner, Ivan"]
[Black "Schramm, Christian"]
[Result "1/2-1/2"]
[WhiteElo "2450"]
[BlackElo "2320"]

1.e4 c5 2.Nc3 Nc6 3.Nge2 g6 4.d4 cxd4 5.Nxd4 Bg7 6.Be3 Nf6 7.Be2 O-O 8.Nb3 d6
9.f4 a6 10.g4 b5 11.g5 Nd7 12.h4 Bb7 13.h5 b4 14.Nd5 e6 15.hxg6 hxg6 16.Bc4 exd5
17.Bxd5 Nb6 18.Bxb6 Qxb6 19.Qd3 Nd4 20.Bxb7 Nxb3 21.axb3 Qxb7 22.O-O-O Qe7
23.Kb1 a5 24.Rd2 Rfe8 25.e5 dxe5 26.f5 Qxg5 27.fxg6 Qxg6 28.Qh3 Kf8 29.Rg2 Qe6
30.Qe3 Bf6 31.Rf1 Rac8 32.Qh6+ Ke7 33.Rgf2 Rc6 34.Rxf6 Qxf6 35.Rxf6 Rxf6
36.Qg5 Ke6 37.Qg4+ Ke7 38.Qg5 Ke6 39.Qg4+ Kd6 40.Qc4 e4 41.Qd4+ Ke7 42.Qxe4+ Kf8
43.Qh1 Kg8 44.Ka2 Rg6 45.Qf1 Ree6 46.c4 bxc3 47.bxc3 Re3 48.Qb5 Rg2+ 49.Ka3 Rgg3
50.Ka4 Rxc3 51.Qe8+ Kg7 52.Qe5+  1/2-1/2

[Event "NRW-Liga I 9495"]
[Site "Germany"]
[Date "1995.??.??"]
[Round "?"]
[White "Wehmeier, Stefan"]
[Black "Roeder, Mathias"]
[Result "0-1"]
[WhiteElo "2325"]
[BlackElo "2425"]

1.e4 c5 2.Nc3 Nc6 3.Nge2 d6 4.d4 cxd4 5.Nxd4 e6 6.Be3 Nf6 7.Be2 Be7 8.O-O O-O
9.Kh1 Bd7 10.f4 Qb8 11.Nb3 Rd8 12.g4 Be8 13.g5 Nd7 14.Qe1 a6 15.a4 Nc5 16.Nxc5 dxc5
17.e5 Nd4 18.Bxd4 Rxd4 19.Bd3 c4 20.Be4 Bb4 21.Bg2 Qc8 22.Qe3 Bxc3 23.Qxc3 Rd8
24.Be4 Qc7 25.b3 Rac8 26.Rad1 b5 27.axb5 axb5 28.bxc4 Bc6 29.Rxd8+ Rxd8 30.Qf3 Bxe4
31.Qxe4 bxc4 32.Kg2 Qc5 33.Rf2 g6 34.h4 Rd4 35.Qf3 c3 36.Qe3 Qc4 37.Kg3 Re4
38.Qf3 Kg7 39.Rh2 Re1 40.Rh1 Rxh1 41.Qxh1 Qe2 42.Qg2 Qd1 43.Qe4 h5 44.gxh6+ Kxh6
45.Qa8 Qe1+ 46.Kh3 Kg7 47.Qf3 Kh6 48.Qa8 Qe3+ 49.Kg4 Kg7 50.Qf3 Qd2 51.Qe4 Qh2
52.Kf3 Qxh4 53.Ke3 Qe1+ 54.Kd3 Qxe4+ 55.Kxe4 Kh6 56.Kd4 Kh5 57.Kxc3 Kg4 58.Kb4 Kxf4
59.c4 g5 60.c5 Kxe5 61.Kb5 g4 62.c6 Kd6 63.Kb6 g3 64.c7 g2 65.c8=Q g1=Q+
66.Kb7 Qg2+ 67.Ka7 Qa2+ 68.Kb6 Qb3+ 69.Ka6 Qa4+ 70.Kb6 Qd4+ 71.Ka6 f5 72.Qd8+ Ke5
73.Qh8+ Kd5 74.Qa8+ Kc4 75.Qc6+ Kd3 76.Qf3+ Qe3 77.Qd1+ Ke4 78.Qh1+ Kd4 79.Qa1+ Qc3
80.Qg1+ Kc4 81.Qg8 Qa3+ 82.Kb7 Qc5 83.Qg5 Qd5+ 84.Kb8 Qd6+ 85.Ka8 f4 86.Qg4 Kc5
87.Qg1+ Qd4 88.Qg8 Qd5+ 89.Kb8 f3 90.Qg1+ Kc6  0-1

[Event "Oberliga Nord N9495"]
[Site "Germany"]
[Date "1995.??.??"]
[Round "?"]
[White "Kues, Hendrik"]
[Black "Buhr, Carl Christian"]
[Result "1/2-1/2"]
[WhiteElo "2275"]
[BlackElo "2175"]

1.e4 c5 2.Ne2 Nc6 3.Nbc3 d6 4.g3 g6 5.Bg2 Bg7 6.O-O e6 7.d3 Rb8 8.a4 Nge7
9.Be3 O-O 10.Qd2 Nd4 11.Bg5 Nxe2+ 12.Qxe2 h6 13.Be3 Nc6 14.Qd2 Kh7 15.h4 Ne5
16.Qe2 f5 17.exf5 gxf5 18.d4 cxd4 19.Bxd4  1/2-1/2

[Event "Oberliga Nord N9596"]
[Site "Germany"]
[Date "1995.??.??"]
[Round "?"]
[White "Stephan, Axel"]
[Black "Bohnsack, Ralf"]
[Result "1-0"]
[WhiteElo "2155"]
[BlackElo "2240"]

1.e4 c5 2.Nc3 Nc6 3.Nge2 Nf6 4.g3 g6 5.d4 cxd4 6.Nxd4 d6 7.Nde2 b6 8.Bg2 Ba6
9.O-O Rc8 10.b3 Bg7 11.Bb2 O-O 12.Re1 Nd7 13.Rb1 Nb4 14.Qd2 Qc7 15.Nd5 Nxd5
16.exd5 Bxb2 17.Rxb2 Bxe2 18.Rxe2 Nf6 19.c4 a5 20.Rc2 Rfe8 21.Qh6 Qc5 22.Bh3 Ra8
23.a4 Ra7 24.Rcd2 b5 25.cxb5 Qc1+ 26.Kg2 Nxd5 27.Qh4 Qc5 28.Qd4 Nb6 29.Qxc5 dxc5
30.Rc2 Rc7 31.Re5 c4 32.bxc4 Rxc4 33.Rxc4 Nxc4 34.Rc5 Nb6 35.Rc6 Nxa4 36.Ra6 e6
37.Rxa5 Nc3 38.Kf3 Rb8 39.Bf1 Rb7 40.Ke3 Nd5+ 41.Kd4 Kf8 42.Bg2 Rd7 43.Bxd5 Rxd5+
44.Kc4 Rd2 45.b6 Rc2+ 46.Kb5 Ke7 47.Ka6 Kd7 48.Kb7 Rxf2 49.Ka8 Rxh2 50.b7 Rb2
51.b8=Q Rxb8+ 52.Kxb8 f5 53.Ra7+ Kd6 54.Rxh7 g5 55.Rf7 Ke5 56.Kc7 f4 57.g4 Ke4
58.Kd6 Kf3 59.Ke5 Kxg4 60.Ke4 Kg3 61.Rf6 e5 62.Kxe5 Kf3 63.Rf8 Ke3 64.Kf5 Ke2
65.Kg4 Ke3 66.Kxg5  1-0

[Event "BL2-N9495"]
[Site "Germany"]
[Date "1995.??.??"]
[Round "?"]
[White "Schoeneich, Matthias"]
[Black "Bach, Matthias"]
[Result "0-1"]
[WhiteElo "2250"]
[BlackElo "2315"]

1.e4 c5 2.Nc3 Nc6 3.Nf3 Nf6 4.d4 d5 5.dxc5 d4 6.Nb5 e5 7.Bg5 Bxc5 8.Bxf6 gxf6
9.Bd3 a6 10.Na3 Qa5+ 11.Kf1 Bxa3 12.bxa3 Qxa3 13.Nh4 b5 14.f4 Be6 15.Nf5 Rg8
16.Qh5 Qc3 17.Rd1 Bxf5 18.Qxf5 Ke7 19.g3 Rg6 20.Ke2 exf4 21.gxf4 Rg2+ 22.Kf3 Rag8
23.e5 fxe5 24.fxe5 R8g5 25.Qf6+ Ke8 26.e6 Ne5+ 27.Qxe5 Rxe5 28.exf7+ Kxf7
29.Kxg2 Qc6+ 30.Kf2 Qf6+  0-1

[Event "BL2-N9495"]
[Site "Germany"]
[Date "1995.??.??"]
[Round "?"]
[White "Votava, Jan"]
[Black "Apel, Stefan"]
[Result "1/2-1/2"]
[WhiteElo "2400"]
[BlackElo "2310"]

1.e4 c5 2.Nf3 Nc6 3.Nc3 e5 4.Bc4 Be7 5.d3 d6 6.h3 Nf6 7.Nd2 Be6 8.Bxe6 fxe6
9.Nf1 O-O 10.Ng3 Qe8 11.O-O Qg6 12.Nce2 Nh5 13.Nxh5 Qxh5 14.c3 Rf7 15.Be3 Bg5
16.Bxg5 Qxg5 17.d4 cxd4 18.cxd4 exd4 19.Nxd4 Qe5 20.Nf3 Qxb2 21.Qxd6 Qf6
22.Rad1 h6 23.Qc5 Qg6 24.Ne5 Nxe5 25.Qxe5 Qf6 26.Qxf6 gxf6 27.Rd6 e5 28.Rc1 Kg7
29.Rc3 Re8 30.Kh2 Ree7 31.Ra3 b6 32.Rg3+ Kh7 33.h4 h5 34.Rf3 Kg6 35.Rf5 Rd7
36.Re6 Rd2 37.f3 Rxa2 38.Rfxe5 Rb2 39.Rg5+ Kh6 40.e5 Re2 41.Rc6 Rc2 42.Re6 Rc8
43.exf6 Rcf8 44.Ree5 Rxf6 45.Rxh5+ Kg7 46.Rhg5+ Kh6 47.Re7 R8f7 48.Re3 a6
49.Rg8 b5 50.Ra8 Kg6 51.Ra3 b4 52.R3xa6 Rb7 53.Ra2 b3 54.Rb2 Rc6 55.Re8 Rc3
56.Kg3 Rb4 57.Rg8+ Kf7 58.Rh8 Kg6 59.Ra8 Kh5 60.Ra5+ Kh6 61.Ra6+ Kh7 62.h5 Rc5
63.h6 Rh5 64.Kf2 Rxh6 65.Rxh6+ Kxh6 66.Ke3 Kg5 67.Kd3 Kf4 68.Kc3 Rb8 69.Rxb3 Re8
70.Rb4+ Ke3 71.Rg4 Rc8+ 72.Kb4 Rc7 73.Kb5 Rc8 74.Kb6 Rc2 75.f4 Ke4 76.g3 Kf5
77.Rg5+ Kf6 78.g4 Rc4 79.Rf5+ Kg6 80.Kb5 Re4 81.Kc6 Ra4 82.Rf8 Kg7  1/2-1/2

[Event "BL2-O9495"]
[Site "Germany"]
[Date "1995.??.??"]
[Round "?"]
[White "Pribyl, Martin"]
[Black "Matthey, Harald"]
[Result "1-0"]
[WhiteElo "2360"]
[BlackElo "2340"]

1.e4 c5 2.Nf3 Nc6 3.Nc3 Nf6 4.Bb5 Nd4 5.Bd3 d5 6.e5 Ng8 7.Nxd4 cxd4 8.Nb5 Qb6
9.a4 a6 10.a5 Qc6 11.Nxd4 Qc7 12.Qe2 g6 13.O-O Bg7 14.Re1 Nh6 15.h3 O-O 16.c3 e6
17.Nf3 f6 18.exf6 Rxf6 19.Bc2 Bd7 20.d4 Nf7 21.Ne5 Bb5 22.Bd3 Nxe5 23.Qxe5 Qxe5
24.dxe5 Rff8 25.Bxb5 axb5 26.Be3 Rfc8 27.Bd4 Rc4 28.b3 Rc6 29.b4 Rc4 30.Rad1 Rac8
31.Rd3 Bh6 32.h4 Bf8 33.g3 h5 34.Kg2 Be7 35.Kh3 Rf8 36.Ra1 Rc6 37.Kg2 Ra8
38.f3 Bd8 39.Kh3 Bc7 40.g4 hxg4+ 41.fxg4 Rf8 42.Kg3 Bd8 43.g5 Rf5 44.Rf3 Kf7
45.Rxf5+ exf5 46.Kf4 Ke6 47.h5 Be7 48.Rh1 Rc8 49.h6 Rh8 50.a6 bxa6 51.Ra1  1-0

[Event "BL9495 (Women)"]
[Site "Germany"]
[Date "1995.??.??"]
[Round "203"]
[White "Heyme, Sibylle"]
[Black "Bakalarz, Grazyna"]
[Result "1-0"]
[WhiteElo "2120"]
[BlackElo "2095"]

1.e4 c5 2.Nf3 Nc6 3.Nc3 g6 4.Bc4 Bg7 5.a4 e6 6.O-O Nge7 7.Re1 O-O 8.e5 d6
9.exd6 Qxd6 10.Ne4 Qc7 11.d3 b6 12.Rb1 Na5 13.Ba2 Bb7 14.Bd2 Nac6 15.Nfg5 Nd5
16.Qg4 Nd4 17.c3 Nf5 18.Qh3 h6 19.g4 Nfe7 20.Nf3 Nf4 21.Qg3 e5 22.d4 Nd3
23.Nxe5 Nxe1 24.Rxe1 Bxe5 25.dxe5 Bxe4 26.Rxe4 Kg7 27.Qf4 Ng8 28.Bd5 Rad8
29.c4 Qd7 30.Bc3 Kh7 31.g5 h5 32.e6 fxe6 33.Qe5 Nh6 34.Bxe6 Ng4 35.Bxg4 hxg4
36.Qg3 Qd1+ 37.Re1 Qf3 38.Qh4+ Kg8 39.Qh8+ Kf7 40.Qg7+  1-0

[Event "BL2-W9495"]
[Site "Germany"]
[Date "1995.??.??"]
[Round "?"]
[White "Emms, John M"]
[Black "Martinovic, Slobodan"]
[Result "1-0"]
[WhiteElo "2535"]
[BlackElo "2455"]

1.e4 c5 2.Nf3 Nc6 3.Nc3 g6 4.d4 cxd4 5.Nxd4 Bg7 6.Be3 Nf6 7.Bc4 Qa5 8.O-O O-O
9.Bb3 d6 10.h3 Bd7 11.Re1 Qh5 12.Nd5 Qxd1 13.Raxd1 Nxd5 14.exd5 Nxd4 15.Bxd4 Rfe8
16.c3 a5 17.a3 b5 18.Bxg7 Kxg7 19.Rd4 h5 20.Kh2 Ra7 21.g4 hxg4 22.hxg4 Rh8+
23.Kg3 Kf8 24.f3 g5 25.Bc2 Rc7 26.Bb1 f6 27.Bg6 Be8 28.Bf5 Kg7 29.Rde4 Kf8
30.Rc1 Bf7 31.Rd1 Rc5 32.Red4 Kg7 33.Re1 Kf8 34.Be4 Be8 35.Rc1 Bd7 36.c4 b4
37.axb4 axb4 38.Ra1 Rc7 39.b3 Kg7 40.Rd2 Be8 41.Ra8 Bd7 42.Rda2 Rxa8 43.Rxa8 Rb7
44.Kf2 Kf7 45.Ke3 Rb6 46.Kd4 Rb7 47.Bh7 Kg7 48.Be4 Kf7 49.Rd8 Kg7 50.c5 dxc5+
51.Kxc5 Rb5+ 52.Kd4 Rb7 53.d6 Ra7 54.Kc5 Be6 55.Kb6 Rd7 56.Rxd7 Bxd7 57.Kc7  1-0

[Event "Hessenliga"]
[Site "Germany"]
[Date "1995.??.??"]
[Round "?"]
[White "Gustavsson, Cyrill"]
[Black "Jaeger, Hans Juergen"]
[Result "1-0"]
[WhiteElo "2170"]
[BlackElo "2210"]

1.e4 c5 2.Nf3 Nc6 3.Nc3 e6 4.Be2 Nf6 5.O-O Be7 6.d4 d5 7.exd5 Nxd5 8.Nxd5 exd5
9.Be3 cxd4 10.Nxd4 O-O 11.c3 Bf6 12.Qa4 Bd7 13.Nxc6 bxc6 14.Rfd1 Re8 15.Bf3 Qc7
16.Rd2 Re6 17.g3 a5 18.c4 Rae8 19.Qd1 d4 20.Bxd4 Re1+ 21.Qxe1 Rxe1+ 22.Rxe1 Bxd4
23.Rxd4 Kf8 24.c5 g6 25.Rd6 a4 26.Red1 Be8 27.Kg2 Ke7 28.Re1+ Kf8 29.b4 axb3
30.axb3 Bd7 31.b4 h5 32.h4 Be8 33.Kh2 Bd7 34.Kg2 Be8 35.Rxe8+ Kxe8 36.Bxc6+ Kf8
37.Bd5 Qb8 38.Rb6 Qe5 39.Bf3 g5 40.hxg5 Qxg5 41.Rb8+ Kg7 42.Re8 f5 43.c6 Qc1
44.Re5 Qc3 45.Rxf5 Qxb4 46.Rxh5  1-0

[Event "BL9495 (Women)"]
[Site "Germany"]
[Date "1995.??.??"]
[Round "202"]
[White "Burchardt, Brigitte"]
[Black "Jahn, Constanze"]
[Result "1-0"]
[WhiteElo "2275"]
[BlackElo "2235"]

1.e4 c5 2.Nc3 Nc6 3.Nf3 e5 4.Bc4 d6 5.d3 h6 6.Be3 Nf6 7.h3 Be7 8.Qd2 a6 9.a4 Be6
10.O-O d5 11.exd5 Nxd5 12.Nxd5 Bxd5 13.Bxd5 Qxd5 14.Rae1 O-O-O 15.Qc3 f5
16.Nd2 f4 17.Nc4 Kb8 18.Bc1 Bf6 19.Re4 Nd4 20.Nd2 Qxe4 21.Nxe4 Ne2+ 22.Kh1 Nxc3
23.Nxc3 c4 24.dxc4 Rd4 25.b3 g5 26.Nd5 Bg7 27.Kg1 Re8 28.Bb2 Rd2 29.Rc1 Bf8
30.Bc3 Re2 31.Kf1 Ba3 32.Ra1 Rxc2 33.Rxa3 e4 34.Bd4 f3 35.Be3 b5 36.axb5 axb5
37.gxf3 exf3 38.Kg1 bxc4 39.bxc4 Re4 40.c5 Kb7 41.Rb3+ Kc8 42.Rc3 Rb2 43.c6 Rb5
44.Nb6+ Kc7 45.Na8+ Kc8 46.c7 Re6 47.Rd3  1-0

[Event "BL9495 (Women)"]
[Site "Germany"]
[Date "1995.??.??"]
[Round "202"]
[White "Schaefer, Anke"]
[Black "Guenther, Anetta"]
[Result "1-0"]
[WhiteElo "2135"]
[BlackElo "2160"]

1.e4 c5 2.Nc3 Nc6 3.Nf3 Nf6 4.d4 cxd4 5.Nxd4 e5 6.Ndb5 d6 7.Bg5 a6 8.Na3 b5
9.Nd5 Be7 10.Bxf6 Bxf6 11.c3 O-O 12.Nc2 Rb8 13.g3 a5 14.Bg2 Be6 15.O-O Ne7
16.Nxf6+ gxf6 17.Ne3 Qd7 18.Qh5 Kh8 19.Qh4 f5 20.Qf6+ Kg8 21.exf5 Nxf5 22.Nxf5 Bxf5
23.Rad1 Rbd8 24.f4 Bg4 25.Rd2 Qe6 26.Qg5+ Qg6 27.Qh4 f6 28.Bd5+ Kh8 29.h3 Bc8
30.fxe5 fxe5 31.Rdf2 Kg7 32.Rf7+  1-0